Companies Act 2006 (Record no. 78259)
[ view plain ]
| 000 -LEADER | |
|---|---|
| fixed length control field | 01104cab a2200253 4500 |
| 001 - CONTROL NUMBER | |
| control field | L136368 |
| 008 - FIXED-LENGTH DATA ELEMENTS--GENERAL INFORMATION | |
| fixed length control field | 070129n2007 000 0 eng u |
| 035 ## - SYSTEM CONTROL NUMBER | |
| System control number | (Sirsi) u136368 |
| 041 0# - LANGUAGE CODE | |
| Language code of text/sound track or separate title | eng |
| 100 1# - MAIN ENTRY--PERSONAL NAME | |
| Personal name | Hillington, Robin |
| 245 00 - TITLE STATEMENT | |
| Title | Companies Act 2006 |
| 260 ## - PUBLICATION, DISTRIBUTION, ETC. | |
| Date of publication, distribution, etc. | 2007 |
| 490 #0 - SERIES STATEMENT | |
| Series statement | Solicitors' Journal |
| Volume/sequential designation | 151(1) 05 January 2007, 12-13(2) |
| 490 #0 - SERIES STATEMENT | |
| Series statement | Solicitors' Journal |
| Volume/sequential designation | 151(2) 12 January 2007, 54(1) |
| 490 #0 - SERIES STATEMENT | |
| Series statement | Solicitors' Journal |
| Volume/sequential designation | 151(3) 19 January 2007, 85-86(2) |
| 520 ## - SUMMARY, ETC. | |
| Summary, etc. | Discusses how the Companies Act 2006 makes it easier to set up a business, increases shareholder engagement, and makes the UK a more attractive place to invest in. Considers the shareholders' rights, legislation that applies to private companies, auditors' liability, reporting obligations, electronic communications and the part played by the Panel on Takeovers and Mergers. |
| 650 24 - SUBJECT ADDED ENTRY--TOPICAL TERM | |
| Topical term or geographic name entry element | COMPANIES ACT 2006 |
| 650 24 - SUBJECT ADDED ENTRY--TOPICAL TERM | |
| Topical term or geographic name entry element | COMPANIES ACT 1985 |
| 651 #4 - SUBJECT ADDED ENTRY--GEOGRAPHIC NAME | |
| Geographic name | England and Wales |
| Chronological subdivision | 1543- |
| 690 ## - LOCAL SUBJECT ADDED ENTRY--TOPICAL TERM (OCLC, RLIN) | |
| Topical term or geographic name as entry element | MANAGEMENT-BUSINESS MANAGEMENT |
| 700 1# - ADDED ENTRY--PERSONAL NAME | |
| Personal name | Akhouh, Tim |
| 700 1# - ADDED ENTRY--PERSONAL NAME | |
| Personal name | Gillett, Emily |
| 942 ## - ADDED ENTRY ELEMENTS (KOHA) | |
| Suppress in OPAC | 0 |
| Withdrawn status | Lost status | Source of classification or shelving scheme | Damaged status | Not for loan | Home library | Current library | Shelving location | Date acquired | Total Checkouts | Full call number | Barcode | Date last seen | Copy number | Price effective from | Koha item type |
|---|---|---|---|---|---|---|---|---|---|---|---|---|---|---|---|
| Dewey Decimal Classification | London | London | Journal article | 29/01/2007 | L136368 | 136368-1001 | 06/08/2019 | 1 | 06/08/2019 | Journal article |